Avatar : (Záznam č. 34162)
| 000 -Návěští | |
|---|---|
| Řídící pole kódované 24B | 01481nam a2200433 ia4500 |
| 001 - Kontrolní číslo | |
| Řídící pole proměnné | 5165300 |
| 003 - Identifikátor kontrolního čísla | |
| Řídící pole proměnné | CZ PrSKC |
| 005 - Datum posledního zpracování | |
| Řídící pole 16B | 20260415090400.0 |
| 007 - Pole pevné délky pro fyzický popis | |
| Řídící pole kódované | ta |
| 008 - Údaje pevné délky | |
| Řídící pole kódované 40B | 251015m20259999xr a j 6 000 1 cze d |
| 020 ## - ISBN | |
| ISBN | 9788076798519 |
| 040 ## - Zdroj katalogizace-agentura | |
| Agentura původní katalogizace | ABG001 |
| Jazyk katalogizace | cze |
| Použitá pravidla popisu | rda |
| 041 1# - Kód jazyka | |
| Kód jazyka textu/zvuku, mezititulků | cze |
| Kód jazyka originálu | eng |
| 072 #7 - Kód předmětové kategorie - Konspekt | |
| Předmětová kategorie | 741.52 |
| Zpřesnění předmětové kategorie | Komiksy. Komiksové adaptace |
| Zdroj předmětové klasifikace | Konspekt |
| 072 #7 - Kód předmětové kategorie - Konspekt | |
| Předmětová kategorie | 821-93 |
| Zpřesnění předmětové kategorie | Literatura pro děti a mládež (beletrie) |
| Zdroj předmětové klasifikace | Konspekt |
| 080 ## - MDT | |
| Klasifikační znak MDT | 741.52(0:82-32) |
| Idetifikátor vydání MDT | MRF |
| 080 ## - MDT | |
| Klasifikační znak MDT | 741.52(0:82-322.9) |
| Idetifikátor vydání MDT | MRF |
| 080 ## - MDT | |
| Klasifikační znak MDT | 821-93 |
| Idetifikátor vydání MDT | MRF |
| 100 1# - Hlavní záhlaví - osobní jméno autora | |
| Osobní jméno | Yang, Gene Luen |
| Kód role | aut |
| 9 (RLIN) | 20638 |
| 240 10 - Unifikovaný název | |
| Unifikovaný název | <a href="Avatar: The Last Airbender - The Promise.">Avatar: The Last Airbender - The Promise.</a> |
| Jazyk díla | Česky |
| 245 10 - Údaje o názvu | |
| Název | Avatar : |
| Další údaje o názvu | legenda o Aangovi. |
| Název části/sekce díla | Slib / |
| Údaj o odpovědností, atd. | scénář Gene Luen Yang ; kresba a obálka Gurihiru ; překlad z angličtiny Ľudovít Plata |
| 246 30 - Variantní vázvy | |
| Hlavní název/zkrácený název | Slib |
| 246 30 - Variantní vázvy | |
| Hlavní název/zkrácený název | Legenda o Aangovi |
| 250 ## - Údaje o vydání | |
| Označení vydání | První vydání |
| 264 #1 - Nakladatelské údaje | |
| Místo vydání | [Praha] : |
| Nakladatel | Crew, |
| Rok vydání | 2025- |
| 300 ## - Fyzický popis | |
| Rozsah | ^^^svazků : |
| další fyzické údaje | barevné ilustrace ; |
| Rozměry | 24 cm |
| 500 ## - Všeobecná poznámka | |
| Text obecné poznámky | Nad názvem: Nickelodeon |
| 505 1# - Fomátovaná poznámka k obsahu | |
| Formátovaný obsah | Část první. 2025. 76 stran |
| 520 2# - Anotace | |
| Anotace, atd. | Komiksový příběh navazuje přesně tam, kde seriál Avatar: Legenda o Aangovi skončil. |
| 655 #7 - Rejstříkový termín - žánr/forma | |
| Žánr/forma či základní termín | manga |
| -- | 14003 |
| 655 #7 - Rejstříkový termín - žánr/forma | |
| Žánr/forma či základní termín | fantasy komiksy |
| -- | 10419 |
| 655 #7 - Rejstříkový termín - žánr/forma | |
| Žánr/forma či základní termín | publikace pro mládež |
| 655 #9 - Rejstříkový termín - žánr/forma | |
| Žánr/forma či základní termín | fantasy comics |
| -- | 10420 |
| 655 #9 - Rejstříkový termín - žánr/forma | |
| Žánr/forma či základní termín | juvenile literature |
| 700 1# - Vedlejší záhlaví - osobní jméno autora | |
| Osobní jméno | Plata, Ľudovít, |
| Datumy související se jménem | 1978- |
| Kód role | trl |
| 9 (RLIN) | 1042 |
| 710 2# - Vedlejší záhlaví - jméno korporativního autora | |
| Jméno korporace nebo jurisdikce | Gurihiru |
| Kód role | ill |
| 9 (RLIN) | 5400 |
| 910 ## - Údaje o vlastníkovi jednotky (exempláře) | |
| Sigla vlastníka jednotky | ABG508 |
| Stav ztráty | Zdroj klasifikace pro skladování | Stav poškození |
|---|---|---|
| Universal Decimal Classification |